Normal view
MARC view
- Beerends R.J
Entry Personal Name
001 - CONTROL NUMBER
- control field: 103277
003 - CONTROL NUMBER IDENTIFIER
- control field: NUST
005 - DATE AND TIME OF LATEST TRANSACTION
- control field: 20221121140204.0
008 - FIXED-LENGTH DATA ELEMENTS
- fixed length control field: 221121|| aca||aabn | a|a d
040 ## - CATALOGING SOURCE
- Original cataloging agency: NUST
- Transcribing agency: NUST
100 ## - HEADING--PERSONAL NAME
- Personal name: Beerends R.J
670 ## - SOURCE DATA FOUND
- Source citation: Work cat.: (NUST)174699: Beerends R.J. , Fourier and Laplace transforms /, 2003.
